The making of a Moonie (Titelsatznr. 67931)
[ MARC ]
| 000 -Satzkennung | |
|---|---|
| Kontrollfeld mit fester Länge | 01230nam a2200337Ia 4500 |
| 001 - Kontrollnummer | |
| Kontrollfeld | MIU01100000000000000000290 |
| 003 - Kontrollnummer Identifier | |
| Kontrollfeld | MiU |
| 005 - Datum und Zeit der letzten Transaktion | |
| Kontrollfeld | 20231010141452.0 |
| 008 - Feld mit fester Länge zur physischen Beschreibung - Allgemeine Angaben | |
| Kontrollfeld mit fester Länge | 150714r19891984enka sb 001 0 eng d |
| 007 - Feld mit fester Länge zur physischen Beschreibung - Allgemeine Information | |
| Kontrollfeld mit fester Länge | cr mnummmmuuuu |
| 040 ## - Katalogisierungsquelle | |
| Original-Katalogisierungsstelle | MiU |
| Übertragungsstelle | MiU |
| 024 7# - Anderer Standardidentifier | |
| Standardnummer oder Code | 2027/heb30670 |
| Quelle der Nummer oder des Codes | hdl |
| 090 ## - LOCALLY ASSIGNED LC-TYPE CALL NUMBER (OCLC); LOCAL CALL NUMBER (RLIN) | |
| Notation (OCLC) (R) ; Notation, CALL (RLIN) (NR) | BX9750.S44 |
| Local cutter number (OCLC) ; Book number/undivided call number, CALL (RLIN) | (INTERNET) |
| 041 ## - Sprachcode | |
| Sprachcode des Textes/der Tonspur oder des separaten Titels | eng |
| 100 1# - Haupteintragung - Personenname | |
| Personenname | Barker, Eileen, |
| Datumsangaben in Verbindung mit einem Namen | 1938- |
| Koha-Normdatenidentnummer | 49342 |
| 245 14 - Titel | |
| Titel | The making of a Moonie |
| Medium | [electronic resource] : |
| Zusatz zum Titel | choice or brainwashing? / |
| Verfasserangabe etc. | Eileen Barker. |
| 264 ## - Produktion, Veröffentlichung, Distribution, Herstellung und Urheberrechtsvermerk | |
| Herstellungs-, Veröffentlichungs- Vertriebs-, Erzeugungsort | Oxford : |
| Produzent, Herausgeber, Distributor, Hersteller | Basil Blackwell, |
| Datum der Herstellung, der Veröffentlichung, des Vertriebs oder des Urheberschutzvermerks | 1989. |
| 300 ## - Physische Beschreibung | |
| Umfang | ix, 305 p. : |
| Andere physische Details | ill. ; |
| Maße | 24 cm. |
| 336 ## - Inhaltstyp | |
| Quelle | rdacontent |
| Inhaltstypcode | txt |
| Inhaltstypterm | Text |
| 337 ## - Medientyp | |
| Quelle | rdamedia |
| Medientypcode | bc |
| Bezeichnung des Medientyps | Computermedien |
| 338 ## - Datenträgertyp | |
| Quelle | rdacarrier |
| Datenträgertypcode | cr |
| Datenträgertypbezeichnung | Online Ressource |
| 500 ## - Allgemeine Fußnote | |
| Allgemeine Fußnote | Reprint. Originally published: 1984. |
| 504 ## - Fußnote zu Literaturverzeichnissen usw. | |
| Fußnote zu Bibliographien usw. | Includes bibliographical references (p. [260]-299) and index. |
| 588 ## - Anmerkung zur Ausgabe, zum Teil oder zur Iteration, die/der als Grunlage für die Identifizierung der Ressource verwendet wird | |
| Anmerkung zur Ausgabe, zum Teil oder zur Iteration, die/der als Grunlage für die Identifizierung der Ressource verwendet wird | Description based on print version. |
| 500 ## - Allgemeine Fußnote | |
| Allgemeine Fußnote | E-Book-ACLS / Zugriff nur im DHI-Lesesaal |
| 500 ## - Allgemeine Fußnote | |
| Allgemeine Fußnote | American Council of Learned Societies/ https://www.humanitiesebook.org/about/ |
| 610 20 - Nebeneintragung unter einem Schlagwort - Körperschaftsname | |
| Körperschafts- oder Gebietskörperschaftsname als Eintragungselement | Unification Church. |
| Koha-Normdatenidentnummer | 49343 |
| 830 #0 - Nebeneintragung unter dem Gesamttitel - Einheitstitel | |
| Einheitstitel | ACLS Humanities E-Book. |
| Koha-Normdatenidentnummer | 49344 |
| 856 40 - Elektronische Adresse und Zugriff | |
| OPAC-Notiz | Volltext |
| URL | <a href="https://hdl.handle.net/2027/heb30670">https://hdl.handle.net/2027/heb30670</a> |
| 942 ## - Zusätzliche Felder (Koha) | |
| Koha-Medientyp | E-Books |
| Ausgeschieden | Verloren | Beschädigt | Nicht entleihbar | Heimatbibliothek | Aufenthaltsbibliothek | Aufstellungsort | Erwerbungsdatum | Inventarnummer | Signatur | Barcode | Letzte Aktivität | Preis gültig von | Koha-Medientyp |
|---|---|---|---|---|---|---|---|---|---|---|---|---|---|
| MWN Osteuropa | MWN Osteuropa | Online-Ressource | 10/10/2023 | 23-e0ACLS | E-23-e0ACLS | 70766 | 10/10/2023 | 10/10/2023 | E-Books |